000 00565nam a22001691a 4500
001 12421
003 OSt
005 20260204212325.0
008 150925s2012|||| ||||||b||||||||||spa||
082 _aRD 378.310 r299l
110 _aRepublica Dominicana: Ministerio de Educacion Superior Ciencias y Tecnologia
245 _aInforme general sobre estadisticas de educacion superior 2010-2011
264 _aSanto Domingo : Alfa y omega
300 _a523 p.
650 _a1-EDUCACION SUPERIOR-REPUBLICA DOMINICANA 2-EDUCACION SUPERIOR-ESTADISTICAÌ
942 _2ddc
_cBK
999 _c12421
_d12421